[Event "AUTO-INT-1152"]
[Site "http://www.queenalice.com/game.php?id=629199"]
[Date "2009.8.2"]
[Round "2"]
[White "marcattack"]
[Black "Shortquick"]
[Result "0-1"]
[WhiteElo "1476"]
[BlackElo "1913"]

1. e4 c5 2. Nf3 Nc6 3. Bc4 d6 4. O-O Nf6 5. Nc3 Bg4 6. d3 g6 7. h3 Bd7 8. Ng5
Ne5 9. Bb3 Bg7 10. f4 Nc6 11. Nxf7 Qb6 12. Be3 Rf8 13. e5 dxe5 14. fxe5 Nxe5 0-1

[Event "AUTO-OPEN-1657"]
[Site "http://www.queenalice.com/game.php?id=636028"]
[Date "2009.8.13"]
[Round "1"]
[White "donnybaby"]
[Black "Shortquick"]
[Result "1-0"]
[WhiteElo "2040"]
[BlackElo "1865"]

1. e3 e5 2. c3 Nf6 3. a3 Bd6 4. d3 Nc6 5. Nd2 O-O 6. g4 Be7 7. h4 d5 8. g5 Ne8
9. Bh3 f6 10. gxf6 Nxf6 11. h5 Bxh3 12. Rxh3 Qd7 13. Ndf3 Rad8 14. b4 a5 15. b5
Na7 16. a4 e4 17. Nd4 c5 18. Nb3 1-0

[Event "AUTO-OPEN-1657"]
[Site "http://www.queenalice.com/game.php?id=636029"]
[Date "2009.8.13"]
[Round "1"]
[White "Shortquick"]
[Black "donnybaby"]
[Result "0-1"]
[WhiteElo "1875"]
[BlackElo "2030"]

1. d4 e6 2. Nf3 h6 3. e4 g5 4. b3 d6 5. Bb2 Bg7 6. Bd3 g4 7. Nfd2 h5 8. Na3 a6
9. c3 e5 10. Nc2 exd4 11. cxd4 c5 12. Nc4 b5 13. N4e3 Ne7 14. O-O Nbc6 15. Be2
Ng6 16. Rc1 f6 17. f3 g3 18. hxg3 h4 19. dxc5 dxc5 0-1

[Event "AUTO-OPEN-1657"]
[Site "http://www.queenalice.com/game.php?id=636052"]
[Date "2009.8.13"]
[Round "1"]
[White "Bobtzu"]
[Black "Shortquick"]
[Result "1-0"]
[WhiteElo "2110"]
[BlackElo "1886"]

1. e4 c5 2. Nf3 Nc6 3. Bb5 g6 4. Bxc6 bxc6 5. c4 Bg7 6. O-O Ba6 7. d3 Nf6 8. Nc3
O-O 9. Rb1 d5 10. b3 Qc7 11. Bb2 Rad8 12. exd5 cxd5 13. Qe2 dxc4 14. dxc4 e6 15.
Rfd1 Nh5 16. h3 Nf4 17. Qf1 Qa5 18. Ne4 Bxb2 19. Rxb2 Bb7 20. Rxd8 Rxd8 21. Ned2
Qc3 22. Qb1 Rxd2 23. Nxd2 Bxg2 24. f3 Bxh3 25. Kh2 Bf5 26. Qa1 Qf6 27. Ne4 Qh4+
28. Kg1 Bxe4 29. fxe4 Qg4+ 30. Kf1 Qf3+ 31. Kg1 Qxe4 32. Qd1 Nh3+ 33. Kh2 Qe5+
34. Kxh3 Qxb2 35. a4 Qc3+ 36. Kg4 Kg7 37. Kf4 h5 38. Qd6 Qxb3 39. Qxc5 Qxa4 40.
Qe5+ 1-0

[Event "AUTO-OPEN-1657"]
[Site "http://www.queenalice.com/game.php?id=636053"]
[Date "2009.8.13"]
[Round "1"]
[White "Shortquick"]
[Black "Bobtzu"]
[Result "0-1"]
[WhiteElo "1831"]
[BlackElo "2002"]

1. d4 d5 2. c4 dxc4 3. Nc3 a6 4. a4 Nf6 5. e4 e5 6. Nf3 exd4 7. Qxd4 Qxd4 8.
Nxd4 c5 9. Nf3 Nc6 10. Bxc4 Be7 11. O-O O-O 12. Bg5 Bg4 13. Nh4 Nd4 14. f3 Be6
15. Bxe6 Nxe6 16. Bxf6 Bxf6 17. Nf5 Rfd8 18. Nd5 Bxb2 19. Rab1 Bd4+ 20. Nxd4
cxd4 21. Rxb7 a5 22. Rd1 g6 0-1

[Event "AUTO-OPEN-1657"]
[Site "http://www.queenalice.com/game.php?id=636068"]
[Date "2009.8.13"]
[Round "1"]
[White "Shortquick"]
[Black "Fauquinelle"]
[Result "1-0"]
[WhiteElo "1912"]
[BlackElo "1718"]

1. d4 Nf6 2. c4 e6 3. Nc3 Bb4 4. Nf3 c5 5. d5 exd5 6. cxd5 d6 7. Qc2 O-O 8. Bg5
Nbd7 9. e4 Re8 10. Bd3 Ne5 11. Nxe5 1-0

[Event "AUTO-OPEN-1657"]
[Site "http://www.queenalice.com/game.php?id=636069"]
[Date "2009.8.13"]
[Round "1"]
[White "Fauquinelle"]
[Black "Shortquick"]
[Result "0-1"]
[WhiteElo "1727"]
[BlackElo "1903"]

1. e4 c5 2. Nf3 Nc6 3. d4 cxd4 4. Nxd4 e6 5. a3 Nf6 6. Bg5 Be7 7. Nc3 O-O 8. Qd2
Re8 9. O-O-O b6 10. Ndb5 a6 0-1

[Event "Challenge"]
[Site "http://www.queenalice.com/game.php?id=653156"]
[Date "2009.9.16"]
[Round "-"]
[White "Shortquick"]
[Black "thedead"]
[Result "0-1"]
[WhiteElo "1901"]
[BlackElo "1650"]

1. d4 d5 2. c4 e6 3. Nc3 h6 4. Nf3 Nf6 5. cxd5 exd5 6. e3 c5 7. Be2 Be7 8. O-O
O-O 9. Bd2 Nc6 10. Qc2 Qb6 11. b3 cxd4 12. exd4 Nxd4 13. Nxd4 Qxd4 14. Nb5 Qe5
15. Rfe1 Bf5 16. Bd3 Bxd3 17. Rxe5 Bxc2 18. Rxe7 a6 19. Nd4 Bg6 20. Rxb7 Ne4 0-1

[Event "QA-ANNIV-05"]
[Site "http://www.queenalice.com/game.php?id=654518"]
[Date "2009.9.18"]
[Round "2"]
[White "Lorfman"]
[Black "Shortquick"]
[Result "1-0"]
[WhiteElo "2698"]
[BlackElo "1909"]

1. e4 c5 2. Nf3 Nc6 3. d4 cxd4 4. Nxd4 g6 5. Nc3 Bg7 6. Be3 Nf6 7. Bc4 O-O 8.
Bb3 d6 9. f3 Bd7 10. Qd2 Rc8 11. O-O-O Ne5 12. Kb1 1-0

[Event "AUTO-INT-1209"]
[Site "http://www.queenalice.com/game.php?id=679584"]
[Date "2009.11.8"]
[Round "3"]
[White "Shortquick"]
[Black "UCSDRunner"]
[Result "0-1"]
[WhiteElo "1778"]
[BlackElo "1777"]

1. d4 d5 2. c4 dxc4 3. Nc3 c5 4. Nf3 e6 5. e4 Nc6 6. Bxc4 cxd4 7. Nb5 Nf6 8. Bg5
h6 9. Bxf6 Qxf6 10. Nbxd4 Bb4+ 11. Ke2 O-O 12. Nxc6 bxc6 13. e5 Qf4 14. Bd3 Rd8
15. g3 Qg4 16. h3 Qh5 17. g4 Qg6 18. Bxg6 Rxd1 19. Bxf7+ Kxf7 20. Rhxd1 Ba6+ 21.
Ke3 Bc5+ 22. Nd4 Rd8 23. Rac1 Rd5 24. Ke4 Bb7 25. a3 Bb6 26. b4 c5 27. bxc5 Bxc5
28. Kf4 Bxd4 29. Rc7+ Kg6 30. Rxb7 Bxe5+ 31. Ke4 Rxd1 0-1

[Event "AUTO-INT-1209"]
[Site "http://www.queenalice.com/game.php?id=679585"]
[Date "2009.11.8"]
[Round "3"]
[White "UCSDRunner"]
[Black "Shortquick"]
[Result "1-0"]
[WhiteElo "1760"]
[BlackElo "1795"]

1. e4 c5 2. c4 Nc6 3. d3 e6 4. Nf3 Be7 5. h4 d6 6. Nc3 Nf6 7. Bg5 Bd7 8. Bxf6
Bxf6 9. g4 Qb6 10. b3 O-O-O 11. Rc1 Qa5 12. Qd2 Nd4 13. Nxd4 Bxd4 14. Bg2 h5 15.
Bf3 hxg4 16. Bxg4 f5 17. exf5 exf5 18. Bf3 Rde8+ 19. Ne2 Qxd2+ 20. Kxd2 Bxf2 21.
Rcf1 Bxh4 22. Rfg1 Bf6 23. Rxh8 Rxh8 24. Rb1 a5 25. a3 Rh2 26. b4 axb4 27. axb4
cxb4 28. Rxb4 Bc6 29. Bxc6 bxc6 30. Ke3 1-0

[Event "AUTO-OPEN-1542"]
[Site "http://www.queenalice.com/game.php?id=702060"]
[Date "2009.12.22"]
[Round "2"]
[White "jmsteinfeld"]
[Black "Shortquick"]
[Result "1-0"]
[WhiteElo "1700"]
[BlackElo "1705"]

1. e4 c5 2. Bc4 Nc6 3. d3 g6 4. Qf3 Ne5 5. Qf4 Nxc4 6. dxc4 d6 7. Nf3 Bg7 8. Ng5
Nf6 9. O-O e5 10. Qg3 b6 11. b3 Bb7 12. Nc3 1-0

[Event "AUTO-OPEN-1542"]
[Site "http://www.queenalice.com/game.php?id=702070"]
[Date "2009.12.22"]
[Round "2"]
[White "Shortquick"]
[Black "Matrick"]
[Result "0-1"]
[WhiteElo "1734"]
[BlackElo "2370"]

1. d4 Nf6 2. c4 g6 3. Nc3 Bg7 4. e4 d6 5. f4 O-O 6. Nf3 c5 7. d5 e6 8. Bd3 exd5
9. cxd5 Bg4 10. O-O Nbd7 11. Be3 Re8 12. h3 Bf5 0-1

[Event "AUTO-OPEN-1542"]
[Site "http://www.queenalice.com/game.php?id=702071"]
[Date "2009.12.22"]
[Round "2"]
[White "Matrick"]
[Black "Shortquick"]
[Result "1-0"]
[WhiteElo "2369"]
[BlackElo "1736"]

1. e4 c5 2. Nf3 Nc6 3. d4 cxd4 4. Nxd4 a6 5. Nc3 d6 6. Be3 Nf6 7. Be2 g6 8. O-O
Bg7 9. Nb3 O-O 10. a4 Be6 11. f4 Qc7 12. Nd4 Nxd4 13. Bxd4 1-0